00946nam a2200217 a 450000100100000000500170001000800410002704000250006808200200009310000310011324500620014426000660020630000210027259000260029365000280031965000330034791000370038095201760041795201180059399900170071100003226020210311001228.0110713s19uu dr r 000 p spa d aDO-SdBNPbspacBNPHU aRD861.42bM857d1 aMorillo, Gabriel A.92961410aDulces enigmas :bpoemas en prosa /cGabriel A. M orillo. aLa Vega, República Dominicana :bImp. La Palabra,c[19--?]. a138 p. ;c21 cm. aInventariado, 2018/VM 0aPoesía dominicana966 4aLireratura dominicana958312 aValidado. Control de calidad MFF 001050718RVaPDbPDcHDd2011-07-13iLF1l0oRD861.42 M857dp32260-10r2020-06-25w2020-06-25y1zPerteneció a la biblioteca personal de Martínez BoogZNo se presta 0010718PDaPDbPDcHDd2011-07-13iLF1l0oRD861.42 M857dp32261-10r2020-06-25w2020-06-25yLFPDZNo se presta c31751d31751